| 000 | 00434nam a22001337a 4500 | ||
|---|---|---|---|
| 040 | _cNUST | ||
| 082 | _a200 THE | ||
| 100 |
_aAli Nawaz _984349 |
||
| 110 |
_aSupervisor Dr. Muhammad Usman Akram _984350 |
||
| 245 | _aTH-SOF-1877-CNN and Ensemble Learning for Brain Tumor Segmentation and Survival Prediction | ||
| 260 |
_aISLAMABAD: _bNUST COLLEGE OF EME, _c2021. |
||
| 650 |
_aMS-COMPUTER ENGINEERING-19 _984351 |
||
| 942 |
_2ddc _cTHE |
||
| 999 |
_c586819 _d586819 |
||